000 00926cpcaa2200277 a 4500
001 mm 79003459
003 DLC
005 20260227111643.0
008 791113|||||||||||| eng
010 _amm 79003459
040 _aDLC
_cDLC
_edacs
_dDLC
072 7 _aL
_2lcmd
100 1 _aSeymour, George Steele.
245 0 4 _aThe taxpayer's lament :
_ktypescript poem,
_fcirca 1943.
300 _a1
_fitem.
506 0 _aOpen to research.
520 8 _aTypescript of a poem entitled, "The Taxpayer's Lament."
545 0 _aPoet.
546 _aCollection material in English.
580 _aForms part of: Miscellaneous Manuscripts collection.
650 0 _aAmerican poetry.
650 0 _aTaxation
_vPoetry.
656 7 _aPoets.
_2itoamc
999 _c41334
_d41334